Der Vollzug im Psychiatrischen Krankenhaus

Saved in:  
Bibliographic Details
Main Author: Ehrhardt, Helmut E. 1914-1997 (Author)
Format: Print Article
Language:German
Published: 1974
In: Straf- und Massregelvollzug: Situation und Reform, Kriminologie und Kriminalistik
Year: 1974, Pages: 152-160
Check availability: HBZ Gateway
Keywords:

MARC

LEADER 00000caa a22000002c 4500
001 1636605591
003 DE-627
005 20260219163329.0
007 tu
008 140220s1974 xx ||||| 00| ||ger c
020 |a 343202312X 
035 |a (DE-627)1636605591 
035 |a (DE-576)40150154X 
035 |a (DE-599)BSZ40150154X 
040 |a DE-627  |b ger  |c DE-627  |e rakwb 
041 |a ger 
100 1 |a Ehrhardt, Helmut E.  |d 1914-1997  |0 (DE-588)130074276  |0 (DE-627)489618219  |0 (DE-576)297982737  |4 aut 
109 |a Ehrhardt, Helmut E. 1914-1997  |a Ehrhardt, Helmut 1914-1997  |a Ehrhardt, H. E. 1914-1997  |a Ehrhardt, H. 1914-1997 
245 1 4 |a Der Vollzug im Psychiatrischen Krankenhaus  |c Helmut E. Ehrhardt 
264 1 |c 1974 
336 |a Text  |b txt  |2 rdacontent 
337 |a ohne Hilfsmittel zu benutzen  |b n  |2 rdamedia 
338 |a Band  |b nc  |2 rdacarrier 
773 0 8 |i In  |t Straf- und Massregelvollzug: Situation und Reform, Kriminologie und Kriminalistik  |d Stuttgart : Enke, 1974  |g (1974), Seite 152-160  |h VIII, 205 S.  |w (DE-627)1074197518  |w (DE-576)004197518  |z 343202312X  |7 nnam 
773 1 8 |g year:1974  |g pages:152-160 
951 |a AR 
ELC |b 1 
LOK |0 000 xxxxxcx a22 zn 4500 
LOK |0 001 3294142870 
LOK |0 003 DE-627 
LOK |0 004 1636605591 
LOK |0 005 20260219162045 
LOK |0 008 140220||||||||||||||||ger||||||| 
LOK |0 040   |a DE-21-110  |c DE-627  |d DE-21-110 
LOK |0 689   |a s  |a Psychiatrisches Krankenhaus 
LOK |0 852   |a DE-21-110 
LOK |0 852 1  |m p  |9 00 
LOK |0 935   |a k110 
LOK |0 938   |k p 
LOK |0 939   |a 20-02-14  |b l01 
ORI |a WA-MARC-krimdoka001.raw